Word Ladder - Cold to Warm - Statistics

General Stats
  • This quiz has been taken 446 times
  • The average score is 9 of 13
Answer Stats
Hint Answer % Correct
Freezing Cold
99%
Moderate hot Warm
87%
Water surrounded by land Lake
80%
A Skywalker Jedi Luke
80%
Delayed arrival Late
79%
Uncommon Rare
75%
Agricultural arena Farm
71%
String or Rope Cord
68%
Transport charge Fare
68%
Unit price Rate
68%
Thickened milk Curd
57%
Heal Cure
57%
Tempt Lure
56%
No matching quizzes found
Score Distribution
Percent of People with Each Score
Percentile by Number Answered
Your Score History
You have not taken this quiz